[Event "Mittelfranken-chTB2b 1920"]
[Site "Mittelfranken"]
[Date "2020.03.08"]
[Round "7.6"]
[White "Savchuk, Yuriy"]
[Black "Ammon, Ronald"]
[Result "1-0"]
[WhiteElo "1747"]
[BlackElo "1698"]
[PlyCount "81"]
[EventDate "2019.10.13"]
[EventType "team-tourn"]
[EventRounds "9"]
[EventCountry "GER"]
[SourceTitle "EXT 2023"]
[Source "ChessBase"]
[SourceDate "2022.10.05"]
[SourceVersion "1"]
[SourceVersionDate "2022.10.05"]
[SourceQuality "1"]
[WhiteTeam "Uttenreuth"]
[BlackTeam "Nuernberg SK 1911 II"]
[WhiteTeamCountry "GER"]
[BlackTeamCountry "GER"]

1. e4 Nc6 2. Nf3 g6 3. Bc4 Bg7 4. d4 d6 5. Be3 f5 6. Ng5 Nh6 7. f3 e5 8. Ne6 Bxe6 9. Bxe6 Qe7 10. d5 Nd8 11. Bxh6 Nxe6 12. Bxg7 Nxg7 13. 0-0 h5 14. c4 h4 15. Qa4+ Kf7 16. Nc3 Nh5 17. Ne2 Rhe8 18. f4 Nf6 19. exf5 gxf5 20. fxe5 Qxe5 21. Nf4 Qe3+ 22. Kh1 Re7 23. Ne6 Kg6 24. Rf3 Qe5 25. Raf1 Ng4 26. Nf4+ Kh6 27. Qd1 Rg8 28. h3 Nf6 29. Ne6 Ne4 30. Qc1+ Kg6 31. Re1 Kf7 32. Rxe4 Qxe4 33. Ng5+ Rxg5 34. Qxg5 Qe1+ 35. Kh2 Re5 36. Qh5+ Kg7 37. Qg5+ Kh8 38. Qd8+ Kg7 39. Qxc7+ Re7 40. Qxd6 Qb1 41. Qxe7+ 1-0

[Event "Mittelfranken-chTB2b 1920"]
[Site "Mittelfranken"]
[Date "2020.01.12"]
[Round "4.4"]
[White "Ammon, Ronald"]
[Black "Schoemig, Anton"]
[Result "1/2-1/2"]
[WhiteElo "1698"]
[BlackElo "1714"]
[PlyCount "148"]
[EventDate "2019.10.13"]
[EventType "team-tourn"]
[EventRounds "9"]
[EventCountry "GER"]
[SourceTitle "EXT 2023"]
[Source "ChessBase"]
[SourceDate "2022.10.05"]
[SourceVersion "1"]
[SourceVersionDate "2022.10.05"]
[SourceQuality "1"]
[WhiteTeam "Nuernberg SK 1911 II"]
[BlackTeam "Schwanstetten"]
[WhiteTeamCountry "GER"]
[BlackTeamCountry "GER"]

1. e4 c6 2. d4 d5 3. Nd2 dxe4 4. Nxe4 Bf5 5. Ng3 Bg6 6. Nf3 Nd7 7. Bc4 e6 8. 0-0 Ngf6 9. Nh4 Nd5 10. Nxg6 hxg6 11. c3 N7f6 12. Qf3 Qc7 13. h3 Bd6 14. Bg5 0-0 15. Rae1 Rae8 16. Ne4 Be7 17. Bc1 Nxe4 18. Rxe4 Nf6 19. Re2 Bd6 20. Rfe1 Nd5 21. g3 b5 22. Bb3 Nf6 23. Kg2 c5 24. dxc5 Bxc5 25. h4 Rd8 26. g4 Rd7 27. Rh1 Qb7 28. Qxb7 Rxb7 29. h5 gxh5 30. g5 Nd5 31. Rxh5 g6 32. Rh3 Rd8 33. Re4 Kf8 34. c4 bxc4 35. Bxc4 Rbd7 36. b3 Ke7 37. Bb2 Kd6 38. Bb5 Rb7 39. a4 a5 40. Rd3 Kc7 41. Be5+ Kb6 42. Re1 Bd6 43. Bd4+ Bc5 44. Be3 Nxe3+ 45. fxe3 Rxd3 46. Bxd3 Be7 47. Kf3 Bxg5 48. Ke4 Bf6 49. Bb5 Bc3 50. Rg1 Rc7 51. Kd3 Bg7 52. Bc4 Kc5 53. Rg5+ e5 54. Rg4 Rd7+ 55. Ke2 Kd6 56. b4 axb4 57. Bb5 Ra7 58. Rxb4 Ke7 59. Bc6 f5 60. e4 f4 61. Rb7+ Rxb7 62. Bxb7 Kd6 63. a5 Kc7 64. a6 Kb6 65. Kf3 Bf6 66. Kg4 Kc7 67. Bd5 Kb6 68. Bb7 Be7 69. Bc8 Bd8 70. Kf3 Be7 71. Bb7 Bc5 72. Bc8 Kc7 73. Bb7 Bd4 74. Bd5 Bb6 1/2-1/2

[Event "Mittelfranken-chTB2b 1819"]
[Site "Mittelfranken"]
[Date "2019.01.27"]
[Round "4.3"]
[White "Rink, Florian"]
[Black "Ammon, Ronald"]
[Result "1-0"]
[WhiteElo "1861"]
[BlackElo "1716"]
[PlyCount "75"]
[EventDate "2018.10.14"]
[EventType "team-tourn"]
[EventRounds "9"]
[EventCountry "GER"]
[SourceTitle "EXT 2022"]
[Source "ChessBase"]
[SourceDate "2021.10.06"]
[SourceVersion "1"]
[SourceVersionDate "2021.10.06"]
[SourceQuality "1"]
[WhiteTeam "Uttenreuth"]
[BlackTeam "Nuernberg SK 1911 II"]
[WhiteTeamCountry "GER"]
[BlackTeamCountry "GER"]

1. d4 Nf6 2. Nf3 d5 3. c4 c6 4. Nc3 g6 5. e3 Bg7 6. Qc2 0-0 7. Bd3 Nbd7 8. 0-0 Re8 9. cxd5 Nxd5 10. a3 e5 11. e4 exd4 12. exd5 dxc3 13. dxc6 cxb2 14. Bxb2 bxc6 15. Bxg7 Kxg7 16. Qxc6 Nb6 17. Be4 Rb8 18. Rad1 Bd7 19. Qc3+ Kg8 20. Rfe1 Qc8 21. Qd2 Bg4 22. Rc1 Qa6 23. Ng5 Be6 24. Qf4 Rbc8 25. Qh4 h5 26. Rcd1 Qc4 27. Qg3 Bd5 28. Bxd5 Rxe1+ 29. Rxe1 Qxd5 30. h4 Nc4 31. Ne4 Qd4 32. Qg5 Kg7 33. Ng3 Qg4 34. Qe7 a5 35. Re4 Qd1+ 36. Kh2 Qd6 37. Qg5 Rc5 38. Qf4 1-0

[Event "Mittelfranken-chTB2b 1718"]
[Site "Mittelfranken"]
[Date "2018.04.22"]
[Round "8.5"]
[White "Ammon, Ronald"]
[Black "Ruderer, Maximilian"]
[Result "0-1"]
[WhiteElo "1789"]
[BlackElo "1779"]
[PlyCount "110"]
[EventDate "2017.10.08"]
[EventType "team-tourn"]
[EventRounds "9"]
[EventCountry "GER"]
[SourceTitle "EXT 2022"]
[Source "ChessBase"]
[SourceDate "2021.10.06"]
[SourceVersion "1"]
[SourceVersionDate "2021.10.06"]
[SourceQuality "1"]
[WhiteTeam "Nuernberg SK 1911 II"]
[BlackTeam "Heideck/Hilpoltstein"]
[WhiteTeamCountry "GER"]
[BlackTeamCountry "GER"]

1. e4 c5 2. Nc3 Nc6 3. f4 d6 4. Nf3 g6 5. Bb5 Bd7 6. d3 Bg7 7. 0-0 a6 8. Ba4 b5 9. Bb3 Nd4 10. Bd5 Ra7 11. e5 e6 12. Bb3 Nxf3+ 13. Qxf3 d5 14. a3 Ne7 15. Ne2 d4 16. g4 Bc6 17. Qf2 h5 18. g5 h4 19. Rd1 Nf5 20. c3 Rd7 21. cxd4 cxd4 22. Bd2 Bf8 23. a4 b4 24. Bc4 Bb7 25. a5 Qc7 26. Rdc1 Qc6 27. Kf1 Qh1+ 28. Ng1 h3 29. Bb3 Qg2+ 30. Ke1 Rh4 31. Bd1 Ne3 32. Be2 Qxf2+ 33. Kxf2 Rxf4+ 34. Kg3 Rf5 35. Nf3 Kd8 36. Ra4 Bxf3 37. Bxf3 Rxg5+ 38. Kxh3 Rxe5 39. Bxb4 Bxb4 40. Rxb4 Rxa5 41. Rb8+ Ke7 42. Rcc8 Nd5 43. Kg3 Rc7 44. Rh8 Rb5 45. Ra8 Nb4 46. Rhd8 Rd7 47. Re8+ Kf6 48. Rec8 Rg5+ 49. Kh4 Nxd3 50. Bc6 Rh5+ 51. Kg3 Rd6 52. Be8 Nxb2 53. Rc7 d3 54. Rxf7+ Ke5 55. Rf1 d2 0-1

[Event "Mittelfranken-chTB2b 1718"]
[Site "Mittelfranken"]
[Date "2018.04.08"]
[Round "7.5"]
[White "Golziow, Manfred"]
[Black "Ammon, Ronald"]
[Result "1/2-1/2"]
[WhiteElo "1760"]
[BlackElo "1789"]
[PlyCount "38"]
[EventDate "2017.10.08"]
[EventType "team-tourn"]
[EventRounds "9"]
[EventCountry "GER"]
[SourceTitle "EXT 2022"]
[Source "ChessBase"]
[SourceDate "2021.10.06"]
[SourceVersion "1"]
[SourceVersionDate "2021.10.06"]
[SourceQuality "1"]
[WhiteTeam "Nuernberg Anderssen"]
[BlackTeam "Nuernberg SK 1911 II"]
[WhiteTeamCountry "GER"]
[BlackTeamCountry "GER"]

1. d4 Nf6 2. Nf3 g6 3. e3 Bg7 4. Bd3 d5 5. 0-0 Bg4 6. Nbd2 Nbd7 7. h3 Bxf3 8. Nxf3 0-0 9. b3 c5 10. Bb2 Rc8 11. c4 Re8 12. Qd2 a6 13. Rfd1 e6 14. Rac1 Ne4 15. Qc2 f5 16. dxc5 Ndxc5 17. Bxg7 Kxg7 18. Qb2+ Qf6 19. Qxf6+ Kxf6 1/2-1/2

[Event "Mittelfranken-chTB2b 1718"]
[Site "Mittelfranken"]
[Date "2018.03.04"]
[Round "6.5"]
[White "Ammon, Ronald"]
[Black "Glaesel, Norbert"]
[Result "1-0"]
[WhiteElo "1789"]
[BlackElo "1292"]
[PlyCount "69"]
[EventDate "2017.10.08"]
[EventType "team-tourn"]
[EventRounds "9"]
[EventCountry "GER"]
[SourceTitle "EXT 2022"]
[Source "ChessBase"]
[SourceDate "2021.10.06"]
[SourceVersion "1"]
[SourceVersionDate "2021.10.06"]
[SourceQuality "1"]
[WhiteTeam "Nuernberg SK 1911 II"]
[BlackTeam "Schnaittach"]
[WhiteTeamCountry "GER"]
[BlackTeamCountry "GER"]

1. e4 d6 2. d4 g6 3. Nf3 Bg7 4. Bc4 Bg4 5. h3 Bxf3 6. Qxf3 e6 7. c3 c6 8. Nd2 Nd7 9. Qg3 Qc7 10. f4 Ne7 11. Nf3 0-0-0 12. Ng5 Rdf8 13. Bxe6 Kb8 14. Nxf7 Nf6 15. Nxh8 Nxe4 16. Qd3 d5 17. Nf7 Nf5 18. Bxf5 gxf5 19. Ne5 Qe7 20. 0-0 Rg8 21. Rf3 Bh6 22. Bd2 Qg7 23. Qe2 Qe7 24. Be3 Qh4 25. Bf2 Qh5 26. Qe3 Nxf2 27. Qxf2 Bxf4 28. Rxf4 Qxh3 29. Rh4 Rxg2+ 30. Qxg2 Qxh4 31. Nf3 Qg4 32. Re1 h5 33. Kf2 h4 34. Qxg4 fxg4 35. Nxh4 1-0

[Event "Mittelfranken-chTB2b 1718"]
[Site "Mittelfranken"]
[Date "2017.11.19"]
[Round "3.5"]
[White "Ammon, Ronald"]
[Black "Abmayr, Bernhard"]
[Result "1-0"]
[WhiteElo "1789"]
[BlackElo "1732"]
[PlyCount "115"]
[EventDate "2017.10.08"]
[EventType "team-tourn"]
[EventRounds "9"]
[EventCountry "GER"]
[SourceTitle "EXT 2022"]
[Source "ChessBase"]
[SourceDate "2021.10.06"]
[SourceVersion "1"]
[SourceVersionDate "2021.10.06"]
[SourceQuality "1"]
[WhiteTeam "Nuernberg SK 1911 II"]
[BlackTeam "Uttenreuth"]
[WhiteTeamCountry "GER"]
[BlackTeamCountry "GER"]

1. e4 e5 2. Nf3 Nc6 3. Bc4 Nf6 4. d3 h6 5. Be3 d6 6. c3 Bg4 7. Nbd2 Na5 8. Qa4+ c6 9. Qc2 Nxc4 10. Nxc4 Be7 11. d4 exd4 12. Nxd4 0-0 13. f3 Be6 14. Nxe6 fxe6 15. 0-0 b5 16. Nd2 e5 17. a4 a6 18. Ra2 d5 19. axb5 axb5 20. Rxa8 Qxa8 21. exd5 Nxd5 22. Bf2 Bd6 23. Ne4 Bc7 24. c4 Nb4 25. Qb3 Qa4 26. Qxa4 bxa4 27. Nc5 Rb8 28. Nxa4 Nd3 29. Rb1 Rb4 30. b3 Kf7 31. Kf1 Nxf2 32. Kxf2 Bb6+ 33. Nxb6 Rxb6 34. b4 Ke6 35. Ke3 h5 36. Ke4 g5 37. b5 h4 38. Rb2 cxb5 39. Rxb5 Rd6 40. Rxe5+ Kf6 41. Rd5 Re6+ 42. Kd3 Re1 43. Kc2 Re2+ 44. Rd2 Re3 45. Kd1 Re5 46. Rc2 Rc5 47. Kd2 Kf5 48. Kd3 Kf4 49. Kd4 Rc8 50. c5 h3 51. Kd5 Rg8 52. g3+ Kxf3 53. c6 g4 54. c7 Rg5+ 55. Ke6 Rg8 56. c8Q Rxc8 57. Rxc8 Kg2 58. Rc2+ 1-0

[Event "Mittelfranken-chT2b 1617"]
[Site "Mittelfranken"]
[Date "2017.03.05"]
[Round "7.5"]
[White "Ammon, Ronald"]
[Black "Albrecht, Thorsten"]
[Result "1/2-1/2"]
[WhiteElo "1793"]
[BlackElo "1861"]
[PlyCount "48"]
[EventDate "2016.10.23"]
[EventType "team-tourn"]
[EventRounds "9"]
[EventCountry "GER"]
[SourceTitle "EXT 2022"]
[Source "ChessBase"]
[SourceDate "2021.10.06"]
[SourceVersion "1"]
[SourceVersionDate "2021.10.06"]
[SourceQuality "1"]
[WhiteTeam "Nuernberg SK 1911 II"]
[BlackTeam "Erlangen SC III"]
[WhiteTeamCountry "GER"]
[BlackTeamCountry "GER"]

1. e4 e6 2. d4 d5 3. exd5 exd5 4. Nf3 Nc6 5. Bf4 Bg4 6. Be2 Bd6 7. Bxd6 Qxd6 8. c3 0-0-0 9. 0-0 Re8 10. h3 Bh5 11. Bb5 Nf6 12. Nbd2 Ne4 13. Qc2 f6 14. Rfe1 Bg6 15. Qa4 a6 16. Bxc6 Qxc6 17. Qxc6 bxc6 18. Nxe4 Bxe4 19. Nd2 Bc2 20. b4 Kd7 21. Nb3 Bxb3 22. axb3 Rxe1+ 23. Rxe1 Re8 24. Rxe8 Kxe8 1/2-1/2

[Event "Mittelfranken-chTB2b 1516"]
[Site "Mittelfranken"]
[Date "2015.11.22"]
[Round "3.6"]
[White "Ammon, Ronald"]
[Black "Schilay, Lorenz"]
[Result "1-0"]
[WhiteElo "1775"]
[BlackElo "1806"]
[PlyCount "165"]
[EventDate "2015.10.18"]
[EventType "team-tourn"]
[EventRounds "9"]
[EventCountry "GER"]
[SourceTitle "EXT 2020"]
[Source "ChessBase"]
[SourceDate "2019.10.17"]
[SourceVersion "1"]
[SourceVersionDate "2019.10.17"]
[SourceQuality "1"]
[WhiteTeam "Nuernberg SK 1911 II"]
[BlackTeam "Neumarkt"]
[WhiteTeamCountry "GER"]
[BlackTeamCountry "GER"]

1. e4 e5 2. Nf3 Nc6 3. Bc4 Nf6 4. 0-0 d6 5. d3 Bg4 6. c3 Na5 7. Bb5+ c6 8. Ba4 b5 9. Bc2 Be7 10. b4 Nb7 11. a4 a6 12. Be3 0-0 13. h3 Bh5 14. Nbd2 Qc7 15. g4 Bg6 16. Nh2 d5 17. f4 exf4 18. Bxf4 Bd6 19. Qf3 Bxf4 20. Qxf4 Qxf4 21. Rxf4 dxe4 22. dxe4 Rad8 23. Nhf3 Rfe8 24. axb5 axb5 25. Ra6 Nd6 26. Rxc6 Ndxe4 27. Bxe4 Bxe4 28. Nxe4 Nxe4 29. Rf5 Rd3 30. Ne5 Rd5 31. Nf3 Rxf5 32. gxf5 g6 33. Nd4 Rb8 34. Kg2 Kg7 35. Kf3 Ng5+ 36. Kg4 Ne4 37. Kf4 Nf2 38. h4 Re8 39. f6+ Kh6 40. Rc7 Nd3+ 41. Kf3 Ne5+ 42. Kg3 Rd8 43. Rc5 Nd3 44. Rc7 Ne5 45. Re7 Rd5 46. Rb7 Nd7 47. Rxb5 Rxb5 48. Nxb5 Nxf6 49. Nd6 Kg7 50. c4 Kf8 51. Kf4 Ke7 52. Ke5 Ng4+ 53. Kd5 Ne3+ 54. Kc6 Ng4 55. b5 Ne5+ 56. Kc7 f5 57. b6 f4 58. b7 Nd7 59. Ne4 f3 60. b8Q Nxb8 61. Kxb8 Ke6 62. Ng5+ Kd6 63. Nxf3 Kc5 64. Nd2 h6 65. Kc8 g5 66. h5 g4 67. Kd7 Kd4 68. Nf1 Kxc4 69. Ne3+ Kd4 70. Nxg4 Ke4 71. Ke6 Kf4 72. Nf6 Kg5 73. Kf7 Kf5 74. Nh7 Ke5 75. Kg6 Ke6 76. Nf6 Ke7 77. Kg7 Ke6 78. Ne4 Ke7 79. Kg6 Kf8 80. Nf6 Ke7 81. Ng4 Ke8 82. Nxh6 Kf8 83. Nf7 1-0

[Event "Mittelfranken-chTB2b 1516"]
[Site "Mittelfranken"]
[Date "2015.11.08"]
[Round "2.6"]
[White "Boehme, Sebastian1111"]
[Black "Ammon, Ronald"]
[Result "1-0"]
[WhiteElo "1912"]
[BlackElo "1775"]
[PlyCount "81"]
[EventDate "2015.10.18"]
[EventType "team-tourn"]
[EventRounds "9"]
[EventCountry "GER"]
[SourceTitle "EXT 2020"]
[Source "ChessBase"]
[SourceDate "2019.10.17"]
[SourceVersion "1"]
[SourceVersionDate "2019.10.17"]
[SourceQuality "1"]
[WhiteTeam "Uttenreuth"]
[BlackTeam "Nuernberg SK 1911 II"]
[WhiteTeamCountry "GER"]
[BlackTeamCountry "GER"]

1. e4 Nc6 2. Nc3 g6 3. f4 Bg7 4. Nf3 d6 5. Bc4 Na5 6. Bb5+ c6 7. Be2 b5 8. d4 Bd7 9. Be3 b4 10. Nb1 c5 11. Nbd2 cxd4 12. Bxd4 Nf6 13. 0-0 Nc6 14. Bxf6 Bxf6 15. Nc4 0-0 16. Qe1 Qc7 17. Rd1 Rfd8 18. Kh1 Na5 19. Ne3 Bc6 20. Ng4 Bxe4 21. Ng5 Qc6 22. Bf3 Bxf3 23. Rxf3 h5 24. Nh6+ Kg7 25. Nhxf7 Rf8 26. Qe6 Qe8 27. Qd5 Rxf7 28. Nxf7 Nc6 29. Ng5 Rc8 30. Ne6+ Kh6 31. Rh3 Nd8 32. g4 Nxe6 33. Qxe6 Qc6+ 34. Qd5 Bxb2 35. gxh5 Qxd5+ 36. Rxd5 Rxc2 37. Rg5 Kg7 38. hxg6 Bd4 39. Rh7+ Kg8 40. h4 Rxa2 41. g7 1-0

[Event "Mittelfranken-chTB1 1415"]
[Site "Mittelfranken"]
[Date "2014.12.14"]
[Round "4.5"]
[White "Ammon, Ronald"]
[Black "Vogiatzis, Dimitrios"]
[Result "0-1"]
[WhiteElo "1775"]
[BlackElo "1942"]
[PlyCount "96"]
[EventDate "2014.09.29"]
[EventType "team-tourn"]
[EventRounds "9"]
[EventCountry "GER"]
[SourceTitle "EXT 2020"]
[Source "ChessBase"]
[SourceDate "2019.10.17"]
[SourceVersion "1"]
[SourceVersionDate "2019.10.17"]
[SourceQuality "1"]
[WhiteTeam "Nuernberg SK 1911 II"]
[BlackTeam "Nuernberg NT III"]
[WhiteTeamCountry "GER"]
[BlackTeamCountry "GER"]

1. d4 d5 2. Nf3 e6 3. c4 c6 4. cxd5 exd5 5. Nc3 f5 6. Bf4 Nf6 7. e3 Be7 8. Bd3 0-0 9. Ne5 Ne4 10. f3 Nxc3 11. bxc3 Nd7 12. Qb3 Nxe5 13. Bxe5 Bf6 14. f4 Bxe5 15. dxe5 Qh4+ 16. g3 Qe7 17. Ke2 Rd8 18. Rag1 Be6 19. Qb1 g6 20. h3 Kh8 21. g4 Rf8 22. gxf5 Bxf5 23. h4 Qd7 24. Rg5 Bg4+ 25. Kd2 Bh5 26. Rf1 b6 27. f5 h6 28. Rgg1 gxf5 29. Rxf5 Rxf5 30. Bxf5 Qe7 31. e6 Qxh4 32. Qf1 Qh2+ 33. Rg2 Qe5 34. Rg6 Bxg6 35. Bxg6 Qxe6 36. Bf7 Rf8 37. Bxe6 Rxf1 38. Bd7 Rf6 39. Kd3 c5 40. c4 Rd6 41. Bb5 Kg7 42. cxd5 Rxd5+ 43. Ke4 Rd2 44. a4 Kf6 45. Kf4 Rf2+ 46. Kg4 Ke5 47. Kg3 Ra2 48. Kf3 h5 0-1

[Event "Mittelfranken-chTB1 1415"]
[Site "Mittelfranken"]
[Date "2014.09.28"]
[Round "1.5"]
[White "Ammon, Ronald"]
[Black "Hannweber, Markus"]
[Result "1/2-1/2"]
[WhiteElo "1775"]
[BlackElo "1865"]
[PlyCount "30"]
[EventDate "2014.09.29"]
[EventType "team-tourn"]
[EventRounds "9"]
[EventCountry "GER"]
[SourceTitle "EXT 2020"]
[Source "ChessBase"]
[SourceDate "2019.10.17"]
[SourceVersion "1"]
[SourceVersionDate "2019.10.17"]
[SourceQuality "1"]
[WhiteTeam "Nuernberg SK 1911 II"]
[BlackTeam "Nuernberg SK 1911"]
[WhiteTeamCountry "GER"]
[BlackTeamCountry "GER"]

1. e4 e5 2. Nf3 Nc6 3. Bc4 Bc5 4. 0-0 Nf6 5. Nc3 d6 6. d3 h6 7. Be3 Bb6 8. Nd5 0-0 9. h3 Be6 10. c3 Bxd5 11. Bxd5 Nxd5 12. exd5 Ne7 13. c4 f5 14. Nd2 f4 15. Bxb6 axb6 1/2-1/2

[Event "Mittelfranken-chTB2a 1314"]
[Site "Mittelfranken"]
[Date "2014.05.04"]
[Round "9.6"]
[White "Grossner, Josef"]
[Black "Ammon, Ronald"]
[Result "0-1"]
[WhiteElo "1660"]
[BlackElo "1775"]
[PlyCount "108"]
[EventDate "2013.10.20"]
[EventType "team-tourn"]
[EventRounds "9"]
[EventCountry "GER"]
[SourceTitle "EXT 2020"]
[Source "ChessBase"]
[SourceDate "2019.10.17"]
[SourceVersion "1"]
[SourceVersionDate "2019.10.17"]
[SourceQuality "1"]
[WhiteTeam "Fuerth SF II"]
[BlackTeam "Nuernberg SK 1911 II"]
[WhiteTeamCountry "GER"]
[BlackTeamCountry "GER"]

1. e4 Nc6 2. d4 d5 3. e5 Bf5 4. Nf3 e6 5. Bd3 Nge7 6. Bg5 Qd7 7. 0-0 h6 8. Be3 Nb4 9. Bxf5 Nxf5 10. c3 Na6 11. b4 b6 12. Qe2 Nb8 13. Nbd2 Be7 14. a4 0-0 15. Nb3 Rc8 16. Rfc1 c6 17. Ra2 Qb7 18. g4 Nh4 19. Nxh4 Bxh4 20. f4 Qe7 21. Qf3 Nd7 22. Rg2 g5 23. Rf1 Rf8 24. fxg5 Bxg5 25. Bxg5 Qxg5 26. Qg3 f6 27. Re1 fxe5 28. dxe5 c5 29. b5 a6 30. h4 Qf4 31. Qd3 Nxe5 32. Rxe5 Qxe5 33. Qg6+ Qg7 34. Qxe6+ Qf7 35. Qxh6 Qf1+ 36. Kh2 Qf4+ 37. Qxf4 Rxf4 38. h5 axb5 39. axb5 Ra3 40. Nc1 Re4 41. Ne2 Ra2 42. Ng3 Rxg2+ 43. Kxg2 Rxg4 44. Kf3 Rc4 45. Ne2 Kg7 46. Ke3 Kf6 47. Kd3 Ke5 48. Kc2 Rh4 49. Ng3 Kf4 50. Ne2+ Kf3 51. Nc1 Rxh5 52. Kb3 Ke3 53. Na2 Kd2 54. Kb2 Rh1 0-1

[Event "Mittelfranken-chTB1 1314"]
[Site "Mittelfranken"]
[Date "2014.02.16"]
[Round "6.8"]
[White "Ammon, Ronald"]
[Black "Werner, Thomas1111"]
[Result "0-1"]
[WhiteElo "1775"]
[BlackElo "1872"]
[PlyCount "64"]
[EventDate "2013.10.20"]
[EventType "team-tourn"]
[EventRounds "9"]
[EventCountry "GER"]
[SourceTitle "EXT 2020"]
[Source "ChessBase"]
[SourceDate "2019.10.17"]
[SourceVersion "1"]
[SourceVersionDate "2019.10.17"]
[SourceQuality "1"]
[WhiteTeam "Nuernberg SK 1911"]
[BlackTeam "Nuernberg Sued SW III"]
[WhiteTeamCountry "GER"]
[BlackTeamCountry "GER"]

1. d4 d5 2. Nf3 Nf6 3. c4 c6 4. Nc3 e6 5. e3 Nbd7 6. a3 Bd6 7. Bd3 0-0 8. 0-0 e5 9. cxd5 cxd5 10. dxe5 Nxe5 11. Be2 Nc6 12. b4 Be6 13. Bb2 Rc8 14. Rc1 Qe7 15. Nb5 Bb8 16. Nbd4 Ne4 17. Nxc6 bxc6 18. Nd4 c5 19. Nxe6 fxe6 20. bxc5 Bxh2+ 21. Kxh2 Qh4+ 22. Kg1 Nxf2 23. Rxf2 Qxf2+ 24. Kh1 Qxe3 25. Qd4 Qh6+ 26. Kg1 Rf4 27. Qc3 d4 28. Qc4 Rcf8 29. Rf1 Rxf1+ 30. Bxf1 Qe3+ 31. Kh2 Rf6 32. g3 Qf2+ 0-1

[Event "Mittelfranken-chTB2a 1213"]
[Site "Germany"]
[Date "2013.04.21"]
[Round "9.6"]
[White "Ammon, Ronald"]
[Black "Dittrich, Godehard"]
[Result "1-0"]
[WhiteElo "1747"]
[BlackElo "1117"]
[PlyCount "57"]
[EventDate "2012.10.07"]
[EventType "team-tourn"]
[EventRounds "9"]
[EventCountry "GER"]
[SourceTitle "EXT 2019"]
[Source "ChessBase"]
[SourceDate "2018.10.10"]
[SourceVersion "1"]
[SourceVersionDate "2018.10.10"]
[SourceQuality "1"]
[WhiteTeam "Nuernberg SK 1911 II"]
[BlackTeam "Ansbach"]
[WhiteTeamCountry "GER"]
[BlackTeamCountry "GER"]

1. e4 e6 2. d4 d6 3. c4 c6 4. Nc3 Be7 5. Be3 Qc7 6. f4 b6 7. Nf3 Bb7 8. Bd3 Nf6 9. h3 Nh5 10. g4 Nf6 11. Qc2 Nbd7 12. e5 dxe5 13. fxe5 c5 14. Rf1 Bxf3 15. exf6 Nxf6 16. Rxf3 Qc6 17. d5 exd5 18. cxd5 Nxd5 19. Bb5 Bh4+ 20. Bf2 Bxf2+ 21. Qxf2 Qxb5 22. Nxb5 0-0 23. 0-0-0 Nb4 24. Rf1 f6 25. g5 f5 26. a3 a6 27. Nd6 f4 28. axb4 Rad8 29. Rxf4 1-0

[Event "Mittelfranken-chTB2a 1213"]
[Site "Germany"]
[Date "2012.10.21"]
[Round "2.7"]
[White "Ammon, Ronald"]
[Black "Koch, Walter1111"]
[Result "1-0"]
[WhiteElo "1747"]
[BlackElo "1814"]
[PlyCount "49"]
[EventDate "2012.10.07"]
[EventType "team-tourn"]
[EventRounds "9"]
[EventCountry "GER"]
[SourceTitle "EXT 2019"]
[Source "ChessBase"]
[SourceDate "2018.10.10"]
[SourceVersion "1"]
[SourceVersionDate "2018.10.10"]
[SourceQuality "1"]
[WhiteTeam "Nuernberg SK 1911 II"]
[BlackTeam "Cadolzburg"]
[WhiteTeamCountry "GER"]
[BlackTeamCountry "GER"]

1. e4 d5 2. exd5 Nf6 3. c4 c6 4. d6 exd6 5. d4 d5 6. Nf3 Bg4 7. Qb3 Bxf3 8. Qxf3 Bb4+ 9. Bd2 Bxd2+ 10. Nxd2 0-0 11. 0-0-0 dxc4 12. Nxc4 Nbd7 13. g4 Nd5 14. h4 Qf6 15. Bg2 Rad8 16. g5 Qxf3 17. Bxf3 N7b6 18. Na5 Rd7 19. Rhe1 Rfd8 20. Bg4 Rc7 21. Re5 Kf8 22. Kb1 Nc8 23. Nc4 c5 24. dxc5 Nc3+ 25. bxc3 1-0

[Event "Mittelfranken-chTB2b 1011"]
[Site "Germany"]
[Date "2011.02.13"]
[Round "6.8"]
[White "Ammon, Ronald"]
[Black "Schoenberger, Rudolf"]
[Result "1-0"]
[WhiteElo "1659"]
[BlackElo "1590"]
[PlyCount "53"]
[EventDate "2010.09.26"]
[EventType "team-tourn"]
[EventRounds "9"]
[EventCountry "GER"]
[SourceTitle "EXT 2012"]
[Source "ChessBase"]
[SourceDate "2011.11.24"]
[SourceVersion "1"]
[SourceVersionDate "2011.11.24"]
[SourceQuality "1"]
[WhiteTeam "Nuernberg SK 1911 II"]
[BlackTeam "Buechenbach/Roth II"]
[WhiteTeamCountry "GER"]
[BlackTeamCountry "GER"]

1. e4 c5 2. Nf3 Nc6 3. Nc3 g6 4. Ne2 Bg7 5. Ng3 Nf6 6. Bc4 0-0 7. c3 d5 8. exd5 Nxd5 9. 0-0 Bg4 10. h3 Be6 11. Bb3 h6 12. Re1 b5 13. a3 c4 14. Bc2 Qc7 15. d4 cxd3 16. Bxd3 a6 17. Bd2 Rad8 18. Qc1 Kh7 19. Bxg6+ Kxg6 20. Qc2+ f5 21. Rxe6+ Kf7 22. Qxf5+ Kg8 23. Qg6 Rd6 24. Bxh6 Rf7 25. Ng5 Nd8 26. Qh7+ Kf8 27. Qh8# 1-0

[Event "Mittelfranken-chTB2b 1011"]
[Site "Germany"]
[Date "2010.12.05"]
[Round "4.8"]
[White "Ammon, Ronald"]
[Black "Truempelmann, Jochen"]
[Result "1-0"]
[WhiteElo "1659"]
[BlackElo "1868"]
[PlyCount "79"]
[EventDate "2010.09.26"]
[EventType "team-tourn"]
[EventRounds "9"]
[EventCountry "GER"]
[SourceTitle "EXT 2012"]
[Source "ChessBase"]
[SourceDate "2011.11.24"]
[SourceVersion "1"]
[SourceVersionDate "2011.11.24"]
[SourceQuality "1"]
[WhiteTeam "Nuernberg SK 1911 II"]
[BlackTeam "Cadolzburg"]
[WhiteTeamCountry "GER"]
[BlackTeamCountry "GER"]

1. e4 e5 2. Nf3 Nc6 3. Bc4 Nf6 4. Ng5 d5 5. exd5 Na5 6. Qe2 Nxc4 7. Qxc4 Qxd5 8. Qxd5 Nxd5 9. d3 h6 10. Nf3 Bd6 11. 0-0 Nb4 12. Na3 0-0 13. h3 f6 14. Bd2 c6 15. Nc4 Be7 16. Rfc1 Be6 17. a3 Na6 18. Re1 Bxc4 19. dxc4 Rad8 20. Be3 Bc5 21. b4 Bxe3 22. Rxe3 Nc7 23. Kf1 Kf7 24. Ke1 Ne6 25. g3 Rd7 26. Rd3 Rfd8 27. Rad1 Ke8 28. Rxd7 Rxd7 29. Rxd7 Kxd7 30. c3 Nf8 31. Kd2 Ke6 32. Ke3 f5 33. c5 Kd5 34. Nd2 g5 35. c4+ Ke6 36. f4 exf4+ 37. gxf4 Ng6 38. fxg5 hxg5 39. Nf3 Kf6 40. b5 1-0